Bird portraiture /

Bibliographic Details
Main Author: Tunnicliffe, C. F. (Charles Frederick), 1901-1979
Format: Book
Language:English
Published: London; New York : The Studio, [1945]
Series:"How to do it" series, no. 35
Subjects:

MARC

Tag First Indicator Second Indicator Subfields
LEADER 00000cam a2200000 4500
001 in00000021290
005 20151007062249.0
008 770214r1945 enka 00010 engmc
010 |a a 45004773  
035 |a (OCoLC)02738776 
035 |9 AAD4383AM 
040 |a New York. Public library  |c NRC  |d NRC  |d TXA  |d UtOrBLW 
049 |a TXAM  |c [129845]  |a TXAS [kaid] 
050 0 |a N7665  |b .T8 
092 |a 743.6  |b T926b 
100 1 |a Tunnicliffe, C. F.  |q (Charles Frederick),  |d 1901-1979. 
245 1 0 |a Bird portraiture /  |c by C. F. Tunnicliffe ... 
264 1 |a London;  |a New York :  |b The Studio,  |c [1945] 
300 |a 96 pages :  |b illustrations (part color) ;  |c 26 cm. 
336 |a text  |b txt  |2 rdacontent 
337 |a unmediated  |b n  |2 rdamedia 
338 |a volume  |b nc  |2 rdacarrier 
490 0 |a "How to do it" series, no. 35 
500 |a "First published January, 1945." 
650 0 |a Birds in art. 
999 |a MARS 
999 f f |s f8b5d43b-14c3-38db-98bb-8f4f530e5e33  |i 872fcf5e-56cf-3136-839a-d198c4a43480  |t 0 
952 f f |p noncirc  |a Texas A&M University  |b College Station  |c Cushing Memorial Library & Archives  |d Cushing: Kincaid/Misc. (Remote Storage: 2-3 day retrieval)  |t 0  |e N7665 .T5 1945  |h Library of Congress classification  |i unmediated -- volume 
952 f f |p normal  |a Texas A&M University  |b College Station  |c Sterling C. Evans Library  |d Evans: Library Stacks  |t 0  |e N7665 .T8  |h Library of Congress classification  |i unmediated -- volume  |m A14801149498 
998 f f |a N7665 .T8  |t 0  |l Evans: Library Stacks 
998 f f |a N7665 .T5 1945  |t 0  |l Cushing: Kincaid/Misc. (Remote Storage: 2-3 day retrieval)